<?xml version="1.0" encoding="UTF-8"?>
<record
    xmlns:xsi="http://www.w3.org/2001/XMLSchema-instance"
    xsi:schemaLocation="http://www.loc.gov/MARC21/slim http://www.loc.gov/standards/marcxml/schema/MARC21slim.xsd"
    xmlns="http://www.loc.gov/MARC21/slim">

  <leader>00817nam a22001697a 4500</leader>
  <controlfield tag="008">250127b        |||||||| |||| 00| 0 eng d</controlfield>
  <datafield tag="020" ind1=" " ind2=" ">
    <subfield code="a">9789994675883</subfield>
  </datafield>
  <datafield tag="082" ind1=" " ind2=" ">
    <subfield code="2">N491.495071/D133b</subfield>
  </datafield>
  <datafield tag="100" ind1=" " ind2=" ">
    <subfield code="a">Dhakal, Shanti Prasad</subfield>
  </datafield>
  <datafield tag="241" ind1=" " ind2=" ">
    <subfield code="a">Bhasha pathyakram, pathyapustak tatha shikshan paddhiti/ Shanti Prasad Dhakal</subfield>
  </datafield>
  <datafield tag="245" ind1=" " ind2=" ">
    <subfield code="a">&#x92D;&#x93E;&#x937;&#x93E; &#x92A;&#x93E;&#x920;&#x94D;&#x92F;&#x915;&#x94D;&#x930;&#x92E;, &#x92A;&#x93E;&#x920;&#x94D;&#x92F;&#x92A;&#x941;&#x938;&#x94D;&#x924;&#x915; &#x924;&#x925;&#x93E; &#x936;&#x93F;&#x915;&#x94D;&#x937;&#x923; &#x92A;&#x926;&#x94D;&#x927;&#x924;&#x93F; /</subfield>
    <subfield code="c">&#x936;&#x93E;&#x928;&#x94D;&#x924;&#x93F;&#x92A;&#x94D;&#x930;&#x938;&#x93E;&#x926; &#x922;&#x915;&#x93E;&#x932;.</subfield>
  </datafield>
  <datafield tag="260" ind1=" " ind2=" ">
    <subfield code="a">&#x915;&#x93E;&#x920;&#x92E;&#x93E;&#x921;&#x94C;&#x902;&#x903;</subfield>
    <subfield code="b">&#x905;&#x915;&#x94D;&#x938;&#x92B;&#x94B;&#x930;&#x94D;&#x921; &#x907;&#x928;&#x94D;&#x91F;&#x930;&#x928;&#x947;&#x938;&#x928;&#x932; &#x92A;&#x92C;&#x94D;&#x932;&#x93F;&#x915;&#x947;&#x938;&#x928;,</subfield>
    <subfield code="c">&#x968;&#x966;&#x96C;&#x96A;&#x935;&#x93F;.</subfield>
  </datafield>
  <datafield tag="300" ind1=" " ind2=" ">
    <subfield code="a">&#x969;&#x967;&#x968;&#x92A;&#x943;.</subfield>
  </datafield>
  <datafield tag="650" ind1=" " ind2=" ">
    <subfield code="a">Language and languages&#x2013;Study and teaching</subfield>
  </datafield>
  <datafield tag="650" ind1=" " ind2=" ">
    <subfield code="a">Nepali language&#x2013;Curricula</subfield>
  </datafield>
  <datafield tag="942" ind1=" " ind2=" ">
    <subfield code="2">ddc</subfield>
    <subfield code="c">ISBN</subfield>
  </datafield>
  <datafield tag="999" ind1=" " ind2=" ">
    <subfield code="c">119800</subfield>
    <subfield code="d">119788</subfield>
  </datafield>
  <datafield tag="952" ind1=" " ind2=" ">
    <subfield code="0">0</subfield>
    <subfield code="1">0</subfield>
    <subfield code="2">ddc</subfield>
    <subfield code="4">0</subfield>
    <subfield code="7">0</subfield>
    <subfield code="a">TUCL</subfield>
    <subfield code="b">TUCL</subfield>
    <subfield code="d">2025-01-27</subfield>
    <subfield code="l">0</subfield>
    <subfield code="o">N491.495071/D133b</subfield>
    <subfield code="p">IS6149</subfield>
    <subfield code="r">2025-01-27 14:29:48</subfield>
    <subfield code="w">2025-01-27</subfield>
    <subfield code="y">ISBN</subfield>
  </datafield>
</record>
